Preparing For Terrorism (Record no. 324227)

MARC details
000 -LEADER
fixed length control field 00423nam a2200157Ia 4500
008 - FIXED-LENGTH DATA ELEMENTS--GENERAL INFORMATION
fixed length control field 230718s9999 xx 000 0 und d
041 ## - LANGUAGE CODE
Language code of text/sound track or separate title eng
082 ## - DEWEY DECIMAL CLASSIFICATION NUMBER
Classification number 363.3'2'0973
Item number BUC
100 ## - MAIN ENTRY--PERSONAL NAME
Personal name Buck G.
245 ## - TITLE STATEMENT
Title Preparing For Terrorism
Remainder of title An Emergency services Guide
260 ## - PUBLICATION, DISTRIBUTION, ETC. (IMPRINT)
Date of publication, distribution, etc. 2002
Name of publisher, distributor, etc. Delmer
300 ## - PHYSICAL DESCRIPTION
Extent 329
365 ## - TRADE PRICE
Currency code Rs.
Price amount 421.60
700 ## - ADDED ENTRY--PERSONAL NAME
Personal name Buck G.
906 ## - LOCAL DATA ELEMENT F, LDF (RLIN)
d O:0060123-Feb-2010B:59830-Oct-2009
c GENRL
b 84.32
Holdings
Withdrawn status Lost status Damaged status Not for loan Home library Current library Date acquired Vendor Budget Code Cost, normal purchase price Bill number Total Checkouts Full call number Barcode Date last seen Discount Cost, replacement price Bill Date Koha item type Original Barcode
        Cummins College of Engineering for Women Pune Cummins College of Engineering for Women Pune 23/02/2010 Pradeep Book Distributors GENRL 337.28 598   363.3'2'0973 CCEP-BK-35434 18/07/2023 84.32 421.60 30/10/2009 Books 035434